000 00680nam a2200169Ia 4500
008 090123s9999 xx 000 0 und d
082 _b33670
100 _aजायस्वाल जयनारायण
245 _aस्तत:च स्वत:चे डॉक्टर व्हा
250 _a0
260 _bगोपाल ग्रंथ गृह
600 _aजायस्वाल जयनारायण
630 _aस्तत:च स्वत:चे डॉक्टर व्हा
700 _aजायस्वाल जयनारायण
730 _aस्तत:च स्वत:चे डॉक्टर व्हा
942 _cBOOK
999 _c71729
_d71729